000 00578cam a22001935a 4500
001 L143528
008 080515s1998 xxk f 000 0 eng d
020 _a0006530680
035 _a(Sirsi) u143528
041 0 _aeng
100 1 _aBlanchard, Ken
245 0 0 _aGung ho!
_bHow to motivate people in any organisation
260 _aLondon
_bHarper Collins
_c1998
300 _a187p.
_c20cm.
520 _aParable-style book describes key ideas which aimed at fostering excellent morale in the workplace.
651 4 _aInternational
700 1 _aBowles, Sheldon
942 _n0
999 _c108202
_d108202